Five point someone (Record no. 86365)

MARC details
000 -LEADER
fixed length control field 00533nam a2200205Ia 4500
008 - FIXED-LENGTH DATA ELEMENTS--GENERAL INFORMATION
fixed length control field 230125s9999 xx 000 0 und d
020 ## - INTERNATIONAL STANDARD BOOK NUMBER
International Standard Book Number 81-7766-720-3
041 ## - LANGUAGE CODE
Language code of text/sound track or separate title eng
082 ## - DEWEY DECIMAL CLASSIFICATION NUMBER
Classification number 891.463
Item number BHA/VAK
100 ## - MAIN ENTRY--PERSONAL NAME
Personal name Bhagat C
9 (RLIN) 109656
245 ## - TITLE STATEMENT
Title Five point someone
250 ## - EDITION STATEMENT
Edition statement 1st ed
260 ## - PUBLICATION, DISTRIBUTION, ETC. (IMPRINT)
Date of publication, distribution, etc. 2012
Name of publisher, distributor, etc. Mehta publication
Place of publication, distribution, etc. Pune
300 ## - PHYSICAL DESCRIPTION
Extent 248p
500 ## - GENERAL NOTE
Keywords Literature;Marathi Literature
650 ## - SUBJECT ADDED ENTRY--TOPICAL TERM
Topical term or geographic name as entry element Marathi Literature
700 ## - ADDED ENTRY--PERSONAL NAME
Personal name Bhagat C & Vakil S, Trans.
9 (RLIN) 109657
906 ## - LOCAL DATA ELEMENT F, LDF (RLIN)
b 44
Holdings
Withdrawn status Lost status Damaged status Not for loan Home library Current library Date acquired Vendor Cost, normal purchase price Bill number Total Checkouts Full call number Barcode Date last seen Cost, replacement price Bill Date Koha item type Original Barcode
        Smt. Hiraben Nanavati Institute of Management & Research for Women Smt. Hiraben Nanavati Institute of Management & Research for Women 21/03/2013 Pritam Book Centre 220.00 8408   891.463 BHA/VAK B11902 HIMR-BK-11902 25/01/2023 176.00 13/03/2013 Books B11902